000 00727nam a22001817a 4500
005 20251108173005.0
008 250721s2004 xx 000 0 ara d
082 1 4 _a813.009565/سال
100 1 _aأبو سالم، إيناس محمود عبد الله
_eمؤلف
245 1 0 _aإتجاهات القصة القصيرة في الأردن من خلال الملحق الثقافي الاسبوعي لجريدة الرأي في التسعينات:دراسة نقدية /
264 1 _aاربد :
_bدار الكندي للنشر و التوزيع،
_c2004.
300 _a287ص.
650 1 7 _aالأردن
650 1 7 _aالقصة القصيرة
650 1 7 _aالنقد الأدبي
942 _2ddc
_cBK
999 _c93508
_d93508